Largest Moons in the Solar System - Statistics

General Stats
  • This quiz has been taken 379 times
  • The average score is 8 of 10
Answer Stats
Planet Moon Diametre % Correct
Earth Moon 3,475km
96%
Saturn Titan 5,150km
96%
Jupiter Ganymede 5,269km
95%
Jupiter Io 3,462km
94%
Jupiter Europa 3,138km
90%
Jupiter Callisto 4,800km
84%
Neptune Triton 2,704km
84%
Uranus Titania 1,578km
70%
Uranus Oberon 1,532km
60%
Saturn Rhea 1,528km
60%
No matching quizzes found
Score Distribution
Percent of People with Each Score
Percentile by Number Answered
Your Score History
You have not taken this quiz